1552 1899 1448 1204 1328 1652 1846 1370 1024 1557 1055 1543 1043 1984 1031 1992 1640 1325 1142 1474 1010 1603 1327 1151 1459 1441 1907 1121 1029 1094 1115 1644 1976 1844 1498 1588 1444 1364 1164 1124 1225 1139 1549 1081 1366 1638 1260 1237 1250 1354 1399 1258 1133 1614 1138 1923 1304 1495 1322 1431 1752 1170 1351 1248 1488 1351 1545 1729 1231 1977 1082 1734 1962 1239 1806 1973 1740 1569 1549 1693 1419 1924 1653 1642 1997 1254 1519 1464 1217 1764 1374 1579 1879 1204 1965 1465 1942 1347 1041 BCNSPRNW ULIB Ver.6.0+V

เปลี่ยนเป็นภาษาไทย

Change to English
 แสดงรายละเอียดบรรณานุกรม
  กลับหน้าหลัก

Brief Record : Get Marc (ISO 2709) : E-mail record : QR code < ปิดหน้าต่าง
LEADER : 00000nam 2200000uu 4500
001    13399128852
003     ULIB
008    241021s2565||||th 000 0 tha d
020 ^^ ^a9786164821095
060 ^^ ^aWM207^bอ7ก
100 ^^ ^aอุษา บิกกิ้นส์
245 ^^ ^aการสื่อสารเพื่อความรอบรู้โรคซึมเศร้า /^cอุษา บิกกิ้นส์, วารีทิพย์ บุญยอ, ผู้เขียน
250 ^^ ^aพิมพ์ครั้งที่ 1
260 ^^ ^aกรุงเทพฯ :^bสำนักพิมพ์สถาบันบัณฑิตพัฒนบริหารศาสตร์,^c2565
300 ^^ ^a202 หน้า :^bภาพประกอบ, ตาราง ;^c26 ซม.
505 ^^ ^aสารบาญ: รู้จักโรคซึมเศร้า - - โรคซึมเศร้าภัยมืดที่มองไม่เห็น - - กระบวนการรับมือโรคซึมเศร้า - - ความรอบรู้โรคซึมเศร้า - - การสื่อสารโรคซึมเศร้าภาคพลเมือง
590 ^^ ^aอุษา บิกกิ้นส์, และวารีทิพย์ บุญยอ. ^bการสื่อสารเพื่อความรอบรู้โรคซึมเศร้า. ^dสำนักพิมพ์สถาบันบัณฑิตพัฒนบริหารศาสตร์.
591 ^^ ^aอุษา บิกกิ้นส์, วารีทิพย์ บุญยอ. การสื่อสารเพื่อความรอบรู้โรคซึมเศร้า. กรุงเทพฯ: สำนักพิมพ์สถาบันบัณฑิตพัฒนบริหารศาสตร์; 2565.
650 ^^ ^aโรคซึมเศร้า
690 ^^ ^aสาขาวิชาการพยาบาลสุขภาพจิตและจิตเวช
700 ^^ ^aวารีทิพย์ บุญยอ
945    ^p365^l0^i011041
999    ^aประนอม เกษจรัล
รายการนี้ยังไม่มีแท็ก
คุณยังไม่ได้ล็อกอิน คุณสามารถมีกิจกรรมร่วมกับเว็บไซต์ได้ แต่ต้องล็อกอินก่อน ::
  ล็อกอิน

รายการสื่อสารสนเทศ

ลำดับที่ ประเภท เลขเรียก/บาร์โค้ด สถานที่ สถานะ
1. วิทยาศาสตร์การแพทย์ และสุขภาพ
หนังสือสำรอง
สถานะ=หนังสือสำรอง
WM207 อ7ก ฉ.1 
  Barcode: 011041
ห้องสมุดวิทยาเขตสวรรค์ประชารักษ์
►หนังสือทั่วไป
บนชั้น

รายการใกล้เคียง
    ผู้แต่ง [อุษา บิกกิ้นส์]

    หัวเรื่อง [โรคซึมเศร้า]

BibComment


ยังไม่เคยถูกคอมเมนท์

คอมเมนท์ทรัพยากรรายการนี้
  คอมเมนท์: การสื่อสารเพื่อค..


 Copyright 2026. Bcnsprnw @Library